000 00787cam a2200241 a 4500
001 13890903
005 20180223072959.0
008 050307s2006 njua b 001 0 eng
010 _a 2005045882
020 _a0131193538 (paperback)
040 _aDLC
_cDLC
_dDLC
041 _aeng
043 _an-us---
080 _a371.9046 spi
082 0 0 _a371.9046 spi
_222
100 1 _a48
101 _aedu
245 1 0 _aClassroom assessment for students in special and general education /
_cCathleen G. Spinelli.
504 _aIncludes bibliographical references (R1-R16) and index.
906 _a7
_bcbc
_corignew
_d1
_eocip
_f20
_gy-gencatlg
942 _2ddc
_cBK
999 _c43262
_d43262